Colombia Pacífico (Registro nro. 63)

Detalles MARC
000 -CABECERA
Campo de control 01571nam a2200241 a 4500
005 - FECHA Y HORA DE LA ULTIMA TRANSACCION
Campo de control 20170504020001.0
008 - ELEMENTOS DE LONGITUD FIJA—INFORMACION GENERAL
Campo de control 140113b1993 ck ||||| |||| 00| 0 spa d
020 ## - ISBN
ISBN 9589129285
040 ## - FUENTE DE CATALOGACIÓN
Agencia transcriptora CO.BoIH
041 ## - IDIOMA
Código de idioma para texto/pista de sonido o título separado Español
044 ## - PAÍS DE PUBLICACIÓN
País de publicación Colombia
082 ## - NUMERO DE CLASIFICACION DECIMAL DEWEY
Número de clasificación 918.652
Número del ítem L68c
100 1# - ASIENTO PRINCIPAL--NOMBRE PERSONAL
Nombre personal Leyva, Pablo
245 10 - MENCION DE TITULO
Título Colombia Pacífico
260 ## - PUBLICACION, DISTRIBUCION, ETC. (PIE DE IMPRENTA)
Lugar de publicación, distribución, etc. Bogotá
Nombre del editor, distribuidor, etc. Fondo FEN Colombia
Fecha de publicación, distribución, etc. 1993
300 ## - DESCRIPCION FISICA
Extensión 2 vol. (vol 1 854 p.)
Otros detalles físicos mapas, tablas, il. (col)
Dimensiones 31 cm.
505 ## - NOTA DE CONTENIDO
Nota de contenido v.1 Oceanografía ; Los peces ; Las ballenas ; La isla Gorgona y sus ecosistemas ; Ecosistemas costeros ; Geología ; Los foraminíferos ; Geomorfología ; Hidrología e hidrogeología ; Climatología ; Los suelos ; Aspectos biogeográficos del Chocó ; José Cuatrecasas y la flora y la vegetación ; Tipos de vegetación y rasgos fitogeográficos ; Riqueza de especies y composición florística.
505 ## - NOTA DE CONTENIDO
Nota de contenido v.2 Manumisión, libres y resistencia negra ; Cimarronismo en el sur-occidente ; El canal de Panamá y sus peripecias ; La relación Chocó-Antioquia ; Centinela de dos océanos : Urabá ; Población y poblamiento ; La costa brava ; La vivienda rural en el Chocó ; Salud humana y condiciones ambientales ; Salud y culturas médicas tradicionales ; Visión general de la educación ; Otra educación, otro desarrollo ; Cultura del litoral pacífico.
651 #6 - ASIENTO SECUNDARIO DE MATERIA - NOMBRE GEOGRAFICO
Nombre geográfico Costa Pacífica (Colombia)
Subdivisión general Descripciones y viajes.
651 #6 - ASIENTO SECUNDARIO DE MATERIA - NOMBRE GEOGRAFICO
Nombre geográfico Costa Pacífica (Colombia)
Subdivisión general Historia
651 #6 - ASIENTO SECUNDARIO DE MATERIA - NOMBRE GEOGRAFICO
Nombre geográfico Costa Pacífica (Colombia)
Subdivisión general Condiciones socioeconómicas.
942 ## - ELEMENTOS ADICIONALES (KOHA)
Tipo de ítem Libro
Sistema de clasificación Dewey Decimal Classification
Koha issues (borrowed), all copies 3
Existencias
Withdrawn status Lost status Sistema de Clasificación Damaged status No para préstamo Colección Inventariado Ubicación Permanente Ubicación actual Fecha de adquisición Fuente de Valor Valor Total Checkouts Número topográfico Inventario / Código de Barras Date last seen Ejemplar Price effective from Forma de adquisición Tipo de material Public note Date checked out
    Dewey Decimal Classification     General Inventariado 2017 Bogotá Bogotá 16/12/1997 Instituto 39000.00 3 LB-918.652 L68c 000069 27/01/2020 V. 2 Ej. 2 04/12/2012   Libro Tomo. 2 27/01/2020
    Dewey Decimal Classification     General Inventariado 2017 Bogotá Bogotá 16/12/1997 Instituto 39000.00 4 LB-918.652 L68c 014124 11/02/2020 V. 1 Ej. 1 04/12/2012   Libro Tomo, 1 11/02/2020
    Dewey Decimal Classification     General Inventariado 2017 Sala Fabio Quevedo Sala Fabio Quevedo 16/12/1997 Instituto 39000.00   LB-918.652 L68c 000068 04/12/2012 V. 1 Ej. 2 04/12/2012   Libro Tomo 1.  
    Dewey Decimal Classification     General Inventariado 2017 Sala Fabio Quevedo Sala Fabio Quevedo 16/12/1997 Instituto 39000.00   LB-918.652 L68c 014125 04/12/2012 V. 2 Ej. 2 04/12/2012   Libro Tomo .2